Business management practices in selected colleges and universities (Record no. 34609)
[ view plain ]
| 000 -LEADER | |
|---|---|
| fixed length control field | 01063cam a22002771 4500 |
| 001 - CONTROL NUMBER | |
| control field | hew66000063 |
| 003 - CONTROL NUMBER IDENTIFIER | |
| control field | DLC |
| 005 - DATE AND TIME OF LATEST TRANSACTION | |
| control field | 20260227111514.0 |
| 008 - FIXED-LENGTH DATA ELEMENTS--GENERAL INFORMATION | |
| fixed length control field | 740109s1966 dcu f000 0 eng c |
| 010 ## - LIBRARY OF CONGRESS CONTROL NUMBER | |
| LC control number | hew66000063 |
| 035 ## - SYSTEM CONTROL NUMBER | |
| System control number | (OCoLC)773013 |
| 040 ## - CATALOGING SOURCE | |
| Original cataloging agency | U.S. Dept. of Health, Education, and Welfare. Library |
| Transcribing agency | OClU |
| Modifying agency | OCoLC |
| -- | DLC |
| 042 ## - AUTHENTICATION CODE | |
| Authentication code | premarc |
| 050 00 - LIBRARY OF CONGRESS CALL NUMBER | |
| Classification number | L111 |
| Item number | .A6 1966, no. 12 |
| 051 ## - LIBRARY OF CONGRESS COPY, ISSUE, OFFPRINT STATEMENT | |
| Classification number | LB2342 |
| Item number | .N2 |
| 082 ## - DEWEY DECIMAL CLASSIFICATION NUMBER | |
| Classification number | 378.102 |
| 100 1# - MAIN ENTRY--PERSONAL NAME | |
| Personal name | Nance, Paul Kint, |
| Dates associated with a name | 1917- |
| 245 10 - TITLE STATEMENT | |
| Title | Business management practices in selected colleges and universities |
| Statement of responsibility, etc. | [by] Paul K. Nance. |
| 260 ## - PUBLICATION, DISTRIBUTION, ETC. | |
| Place of publication, distribution, etc. | [Washington] |
| Name of publisher, distributor, etc. | U.S. Dept. of Health, Education, and Welfare, Office of Education; |
| -- | [for sale by the Superintendent. of Documents, U.S. Govt. Print. Off., |
| Date of publication, distribution, etc. | 1966] |
| 300 ## - PHYSICAL DESCRIPTION | |
| Extent | vi, 125 p. |
| Dimensions | 24 cm. |
| 410 10 - SERIES STATEMENT/ADDED ENTRY--CORPORATE NAME [OBSOLETE, CAN/MARC], [LOCAL, USA] | |
| Corporate name or jurisdiction name as entry element | United States. |
| Subordinate unit | Office of Education. |
| Title of a work | Bulletin 1966, |
| Volume number/sequential designation | no. 12 |
| 490 1# - SERIES STATEMENT | |
| Series statement | Case studies |
| 500 ## - GENERAL NOTE | |
| General note | "OE 53025." |
| 650 #0 - SUBJECT ADDED ENTRY--TOPICAL TERM | |
| Topical term or geographic name entry element | Universities and colleges |
| General subdivision | Business management. |
| 810 1# - SERIES ADDED ENTRY--CORPORATE NAME | |
| Corporate name or jurisdiction name as entry element | United States. |
| Subordinate unit | Office of Education. |
| Title of a work | Case studies. |
No items available.